Gender and leadership (Record no. 1225881)

MARC details
000 -LEADER
fixed length control field 00597nam a2200217Ia 4500
005 - DATE AND TIME OF LATEST TRANSACTION
control field 20241129105755.0
008 - FIXED-LENGTH DATA ELEMENTS--GENERAL INFORMATION
fixed length control field 241129s9999||||xx |||||||||||||| ||und||
020 ## - INTERNATIONAL STANDARD BOOK NUMBER
International Standard Book Number 978-1-5297-0911-7
037 ## - SOURCE OF ACQUISITION
Stock number TB
040 ## - CATALOGING SOURCE
Original cataloging agency ARTS
Language of cataloging eng
Transcribing agency ARTS
041 ## - LANGUAGE CODE
Language code of text/sound track or separate title eng
Source of code eng
084 ## - COLON CLASSIFICATION NUMBER
Classification number Y150aX:87 R0
Assigning agency ARTS
100 ## - MAIN ENTRY--PERSONAL NAME
Personal name Powell Gary N. Au.
9 (RLIN) 724688
245 #0 - TITLE STATEMENT
Title Gender and leadership
Statement of responsibility, etc. Powell Gary N. Au.
260 ## - PUBLICATION, DISTRIBUTION, ETC.
Place of publication, distribution, etc. Los Angeles, USA
Name of publisher, distributor, etc. Sage
Date of publication, distribution, etc. 2020
300 ## - PHYSICAL DESCRIPTION
Extent ix,110p.
365 ## - TRADE PRICE
Price type code UKP
Price amount 45
650 ## - SUBJECT ADDED ENTRY--TOPICAL TERM
Topical term or geographic name entry element SociologyWomen
9 (RLIN) 726364
942 ## - ADDED ENTRY ELEMENTS (KOHA)
Koha item type Textbook
Classification part Y150aX:87 R0

No items available.

Copyright @ Delhi University Library System